| 000 | 00641nam a22002297a 4500 | ||
|---|---|---|---|
| 999 |
_c3842 _d3842 |
||
| 001 | 3842 | ||
| 003 | BD-JhCC | ||
| 005 | 20171118210850.0 | ||
| 008 | 171118s2005 bg |||| |||| 000 0 ben d | ||
| 020 | _a9844124565 | ||
| 035 | _a(BD-JhCC)3842 | ||
| 040 |
_aBD-JhCC _dBD-JhCC |
||
| 041 | _aben | ||
| 082 |
_a891.4409 _bSHA 2005 |
||
| 100 | _aশরীফ, আহমদ | ||
| 245 |
_aবাঙলার মনীষা / _cআহমদ শরীফ |
||
| 260 |
_aঢাকা : _bঅনন্যা, _c২০০৫. |
||
| 300 |
_a৩৪৪ পূ. : _c২২ সেমি. |
||
| 650 | _aBengali Essay | ||
| 942 |
_2ddc _cBK |
||